<?xml version='1.0' encoding='UTF-8'?>
  <record xmlns="http://www.loc.gov/MARC21/slim">
    <leader>00000cam a2200000 i 4500</leader>
    <controlfield tag="001">ocm27032810</controlfield>
    <controlfield tag="003">OCoLC</controlfield>
    <controlfield tag="005">20240311085144.9</controlfield>
    <controlfield tag="008">921127s1574    gw a          001 0 lat d</controlfield>
    <datafield tag="040" ind1=" " ind2=" ">
      <subfield code="a">LHL</subfield>
      <subfield code="b">eng</subfield>
      <subfield code="e">rda</subfield>
      <subfield code="e">dcrmr</subfield>
      <subfield code="c">LHL</subfield>
      <subfield code="d">OCL</subfield>
      <subfield code="d">OCLCQ</subfield>
      <subfield code="d">OCLCG</subfield>
      <subfield code="d">DEBBG</subfield>
      <subfield code="d">OCLCO</subfield>
      <subfield code="d">OCLCQ</subfield>
      <subfield code="d">OCLCA</subfield>
      <subfield code="d">OCLCF</subfield>
      <subfield code="d">OCLCQ</subfield>
      <subfield code="d">OCLCO</subfield>
      <subfield code="d">OCLCA</subfield>
      <subfield code="d">OCLCQ</subfield>
      <subfield code="d">OCLCO</subfield>
      <subfield code="d">OCLCQ</subfield>
      <subfield code="d">OCLCL</subfield>
      <subfield code="d">QGJ</subfield>
    </datafield>
    <datafield tag="024" ind1="7" ind2=" ">
      <subfield code="a">urn:nbn:de:bvb:12-bsb00024647-4</subfield>
      <subfield code="2">urn</subfield>
    </datafield>
    <datafield tag="024" ind1="8" ind2=" ">
      <subfield code="a">VD16 H 239</subfield>
    </datafield>
    <datafield tag="029" ind1="1" ind2=" ">
      <subfield code="a">DEBBG</subfield>
      <subfield code="b">BV001430342</subfield>
    </datafield>
    <datafield tag="029" ind1="1" ind2=" ">
      <subfield code="a">GEBAY</subfield>
      <subfield code="b">882268</subfield>
    </datafield>
    <datafield tag="035" ind1=" " ind2=" ">
      <subfield code="a">(OCoLC)27032810</subfield>
    </datafield>
    <datafield tag="050" ind1=" " ind2="4">
      <subfield code="a">QB41</subfield>
      <subfield code="b">.H25 1574</subfield>
    </datafield>
    <datafield tag="100" ind1="1" ind2=" ">
      <subfield code="a">Hájek z Hájku, Tadeáš,</subfield>
      <subfield code="d">1525-1600.</subfield>
      <subfield code="1">https://id.oclc.org/worldcat/entity/E39PBJjXkq4KxkV4qV7bDd7PwC</subfield>
    </datafield>
    <datafield tag="245" ind1="1" ind2="0">
      <subfield code="a">Dialexis de novae et prius incognitae stellae inusitatae magnitudinis &amp; splendidissimi luminis apparitione &amp; de eiusdem stellae vero loco constituendo. Adiuncta est ibidem ratio inuestigandae parallaxeos cuiuscunque Phaenomeni, eiúsque à centro terrae distantia, meteorologicam doctrinam mirificè illustrans /</subfield>
      <subfield code="c">nunc primum conscripta &amp; edita, per Thaddaeum Hagecium ab Hayck, Aulae Caesareae Maiestatis Medicum. Acesserung aliorum quoque doctissimorum virorum de eadem stella scripta: &amp; quaedam alia, quae versa pagella cognosces.</subfield>
    </datafield>
    <datafield tag="246" ind1="3" ind2=" ">
      <subfield code="a">Dialexis de novae et privs incognitæ stellæ invsitatæ magnitvdinis magnitudinis &amp; splendidissimi luminis apparitione</subfield>
    </datafield>
    <datafield tag="264" ind1=" " ind2="1">
      <subfield code="a">Francofurti ad Moenum. :</subfield>
      <subfield code="b">[Andreas Wechel for Sigmund Feyerabend],</subfield>
      <subfield code="c">M. D. LXXIIII. [1574]</subfield>
    </datafield>
    <datafield tag="300" ind1=" " ind2=" ">
      <subfield code="a">176 pages :</subfield>
      <subfield code="b">illustrations ;</subfield>
      <subfield code="c">21 cm (4to)</subfield>
    </datafield>
    <datafield tag="336" ind1=" " ind2=" ">
      <subfield code="a">text</subfield>
      <subfield code="b">txt</subfield>
      <subfield code="2">rdacontent</subfield>
    </datafield>
    <datafield tag="337" ind1=" " ind2=" ">
      <subfield code="a">unmediated</subfield>
      <subfield code="b">n</subfield>
      <subfield code="2">rdamedia</subfield>
    </datafield>
    <datafield tag="338" ind1=" " ind2=" ">
      <subfield code="a">volume</subfield>
      <subfield code="b">nc</subfield>
      <subfield code="2">rdacarrier</subfield>
    </datafield>
    <datafield tag="340" ind1=" " ind2=" ">
      <subfield code="m">4to</subfield>
      <subfield code="2">rdabf</subfield>
    </datafield>
    <datafield tag="500" ind1=" " ind2=" ">
      <subfield code="a">Printers' names from VD 16.</subfield>
    </datafield>
    <datafield tag="500" ind1=" " ind2=" ">
      <subfield code="a">Printer's device on title page.</subfield>
    </datafield>
    <datafield tag="500" ind1=" " ind2=" ">
      <subfield code="a">Initials, printed marginalia.</subfield>
    </datafield>
    <datafield tag="500" ind1=" " ind2=" ">
      <subfield code="a">Signatures: A-Y⁴.</subfield>
    </datafield>
    <datafield tag="500" ind1=" " ind2=" ">
      <subfield code="a">Contains also a letter by Johannes Crato von Craffheim to Tadeáš Hájek z Hájku, and a quote form a letter by Hieronymus Muzzonius to Bartholomaeus Reisacherum.</subfield>
    </datafield>
    <datafield tag="505" ind1="8" ind2="0">
      <subfield code="g">Includes also:</subfield>
      <subfield code="t">Stellae nouae vel nothae potius, in coelo nuper exortae, &amp; adhuc lucentis, Phaenomenon descriptum &amp; explicatum, /</subfield>
      <subfield code="r">Authore Paulo Fabricio Med. Doct. &amp; Caesaris Mathematico. --</subfield>
      <subfield code="t">Stellae peregrinae iam primùm exortae, &amp; coelo constanter haerentis Phaenomenon, diuinae Prouidentiae vim, &amp; gloriae Maiestatem abundè concelebrans, /</subfield>
      <subfield code="r">per D. Cornelium Gemmam. louanij Medicinae professorem Regium. --</subfield>
      <subfield code="t">Ioannes de Monte Regio de Cometa anni 1475. --</subfield>
      <subfield code="t">Significatio Cometae, qui anno 1532 apparuit cum passionibus eius scitu iucundissimis, /</subfield>
      <subfield code="r">à Ioanne Vogelino Haylpronnensi, Viennesi Mathematico demonstratis.</subfield>
    </datafield>
    <datafield tag="510" ind1="4" ind2=" ">
      <subfield code="a">Verzeichnis der im deutschen Sprachbereich erschienenen Drucke des 16. Jahrhunderts (VD 16),</subfield>
      <subfield code="c">H 239</subfield>
      <subfield code="u">https://gateway-bayern.de/VD16+H+239</subfield>
    </datafield>
    <datafield tag="650" ind1=" " ind2="0">
      <subfield code="a">Stars, New</subfield>
      <subfield code="v">Early works to 1800.</subfield>
    </datafield>
    <datafield tag="650" ind1=" " ind2="0">
      <subfield code="a">Astronomy</subfield>
      <subfield code="v">Early works to 1800.</subfield>
    </datafield>
    <datafield tag="650" ind1=" " ind2="6">
      <subfield code="a">Novæ</subfield>
      <subfield code="v">Ouvrages avant 1800.</subfield>
    </datafield>
    <datafield tag="650" ind1=" " ind2="6">
      <subfield code="a">Astronomie</subfield>
      <subfield code="v">Ouvrages avant 1800.</subfield>
    </datafield>
    <datafield tag="650" ind1=" " ind2="7">
      <subfield code="a">Astronomy</subfield>
      <subfield code="2">fast</subfield>
    </datafield>
    <datafield tag="650" ind1=" " ind2="7">
      <subfield code="a">Stars, New</subfield>
      <subfield code="2">fast</subfield>
    </datafield>
    <datafield tag="655" ind1=" " ind2="7">
      <subfield code="a">Early works</subfield>
      <subfield code="2">fast</subfield>
    </datafield>
    <datafield tag="700" ind1="1" ind2=" ">
      <subfield code="a">Fabricius, Paulus,</subfield>
      <subfield code="d">1529?-1588 or 1589,</subfield>
      <subfield code="e">author.</subfield>
      <subfield code="4">aut</subfield>
    </datafield>
    <datafield tag="700" ind1="1" ind2=" ">
      <subfield code="a">Gemma, Cornelius,</subfield>
      <subfield code="d">1535-1579,</subfield>
      <subfield code="e">author.</subfield>
      <subfield code="4">aut</subfield>
      <subfield code="1">https://id.oclc.org/worldcat/entity/E39PBJbxGPDrfpvQXPKxr3wHmd</subfield>
    </datafield>
    <datafield tag="700" ind1="1" ind2=" ">
      <subfield code="a">Regiomontanus, Joannes,</subfield>
      <subfield code="d">1436-1476,</subfield>
      <subfield code="e">author.</subfield>
      <subfield code="4">aut</subfield>
      <subfield code="1">https://id.oclc.org/worldcat/entity/E39PBJgt8V4TPtQ4tdvr6kyrv3</subfield>
    </datafield>
    <datafield tag="700" ind1="1" ind2=" ">
      <subfield code="a">Voegelin, Johannes,</subfield>
      <subfield code="d">-1549,</subfield>
      <subfield code="e">author.</subfield>
      <subfield code="4">aut</subfield>
      <subfield code="1">https://id.oclc.org/worldcat/entity/E39PBJB8qWxyJFd3YV3MTVrpfq</subfield>
    </datafield>
    <datafield tag="700" ind1="0" ind2=" ">
      <subfield code="a">Maximilian</subfield>
      <subfield code="b">II,</subfield>
      <subfield code="c">Holy Roman Emperor,</subfield>
      <subfield code="d">1527-1576,</subfield>
      <subfield code="e">dedicatee.</subfield>
      <subfield code="4">dte</subfield>
    </datafield>
    <datafield tag="700" ind1="1" ind2=" ">
      <subfield code="a">Crato von Crafftheim, Johannes,</subfield>
      <subfield code="d">1519-1585,</subfield>
      <subfield code="e">correspondent.</subfield>
      <subfield code="4">crp</subfield>
    </datafield>
    <datafield tag="700" ind1="1" ind2=" ">
      <subfield code="a">Muzzonius, Hieronymus,</subfield>
      <subfield code="e">correspondent.</subfield>
      <subfield code="4">crp</subfield>
    </datafield>
    <datafield tag="700" ind1="0" ind2=" ">
      <subfield code="a">Matthias,</subfield>
      <subfield code="c">Holy Roman Emperor,</subfield>
      <subfield code="d">1557-1619,</subfield>
      <subfield code="e">dedicatee.</subfield>
      <subfield code="4">dte</subfield>
    </datafield>
    <datafield tag="700" ind1="0" ind2=" ">
      <subfield code="a">Maximilian,</subfield>
      <subfield code="c">Archduke of Austria,</subfield>
      <subfield code="d">1558-1618,</subfield>
      <subfield code="e">dedicatee.</subfield>
      <subfield code="4">dte</subfield>
    </datafield>
    <datafield tag="700" ind1="1" ind2=" ">
      <subfield code="a">Wechel, Andreas,</subfield>
      <subfield code="d">-1581,</subfield>
      <subfield code="e">printer.</subfield>
      <subfield code="4">prt</subfield>
    </datafield>
    <datafield tag="700" ind1="1" ind2=" ">
      <subfield code="a">Feyerabend, Sigmund,</subfield>
      <subfield code="d">1528-1590,</subfield>
      <subfield code="e">publisher.</subfield>
      <subfield code="4">pbl</subfield>
    </datafield>
    <datafield tag="752" ind1=" " ind2=" ">
      <subfield code="a">Germany</subfield>
      <subfield code="d">Frankfurt am Main,</subfield>
      <subfield code="e">publication place.</subfield>
      <subfield code="4">pup</subfield>
    </datafield>
    <datafield tag="776" ind1="0" ind2="8">
      <subfield code="i">Online version:</subfield>
      <subfield code="a">Hájek z Hájku, Tadeáš, 1525-1600.</subfield>
      <subfield code="t">Dialexis de novae et prius incognitae stellae inusitatae magnitudinis &amp; splendidissimi luminis apparitione.</subfield>
      <subfield code="d">Francofurti ad Moenum : [s.n.], 1574</subfield>
      <subfield code="w">(OCoLC)891078434</subfield>
    </datafield>
    <datafield tag="856" ind1="4" ind2=" ">
      <subfield code="u">http://nbn-resolving.de/urn/resolver.pl?urn=urn:nbn:de:bvb:12-bsb00024647-4</subfield>
      <subfield code="x">Resolving-System</subfield>
      <subfield code="z">kostenfrei</subfield>
      <subfield code="3">Volltext // 2008 digitalisiert von: Bayerische Staatsbibliothek, München. Exemplar der Bayerischen Staatsbibliothek mit der Signatur: Res/4 Astr.p. 173</subfield>
    </datafield>
  </record>